000 01155nam a22003377a 4500
003 CHAP
005 20220329133812.0
008 971013s1984 r 00010 d
010 _a11131
011 _a12103
035 _a14163
040 _cCHAP
090 _aFolleto 10081
100 0 0 _aSalazar Terán, Eduardo I.
_9101457
245 1 _aCómo producir girasol en áreas de riego y temporal del Centro de Tamaulipas
260 _aAbasolo, Tamps. :
_bINIA. Campo Agrícola Experimental Las Adjuntas,
_c1984
300 _a17 p.
490 _aFolleto técnico
_v; 5
590 _aBATCH-UPD
_b10
_c20130110
_lUCH01
_h1944
590 _aBATCH-UPD
_b10
_c20130410
_lUCH01
_h1306
590 _aBATCH-UPD
_b10
_c20130914
_lUCH01
_h1424
590 _aCONVERSION
_b10
_c20130109
_lUCH01
_h1307
650 1 4 _aGirasol
_xTamaulipas.
_948181
700 0 _aAguilar Garcia, Ramon.
_92713
830 0 _aFolleto técnico
_v; 5
_942067
901 _aBK
942 _cFOLL
949 _aFolleto 10081
_bBC
_cFOLL
_d-135644
_eTS1
_i14163
_si
949 _aFolleto 10081
_bBC
_cFOLL
_d-135645
_eTS2
_fc.2
_i14163
_si
949 _aFolleto 10081
_bBC
_cFOLL
_d-135646
_eTS2
_fc.3
_i14163
_si
999 _c11131
_d11131